Stretching (Registro nro. 10067)

Detalles MARC
000 -Cabecera
Campo de control de longitud fija 00943nam a22003617a 4500
005 - Fecha y hora de la última transacción
Campo de control 20260423171506.0
008 - Elementos de longitud fija--Información general
Campo de control de longitud fija 171208b2005 xxu||||| |||| 00| 0 spa d
020 ## - International Standard Book Number
Número Internacional Estándar del Libro (ISBN) 84662076610
041 ## - Idioma
Código de idioma Español
082 ## - Clasificación Decimal Dewey
Número de clasificación 613.71 R759s
100 ## - Entrada principal--Autor personal
Nombre personal Romano, Valentina
9 (RLIN) 44856
245 ## - Título propiamente dicho
Título Stretching
260 ## - Pie de imprenta
Lugar de publicación, distribución, etc. Estados Unidos
260 ## - Pie de imprenta
Nombre del editor, distribuidor, etc. Libsa
260 ## - Pie de imprenta
Fecha de publicación, distribución, etc. 2005
300 ## - Descripción física
Extensión 287 páginas
490 ## - Serie
Título de la Serie Temática General
650 ## - Materia general
Temática (materia general) EJERCICIO Y ACTIVIDADES DEPORTIVAS
650 ## - Materia general
Temática (materia general) STRETCHING
650 ## - Materia general
Temática (materia general) ESTIRAMIENTO
650 ## - Materia general
Temática (materia general) RESPIRACIÓN
650 ## - Materia general
Temática (materia general) MASAJE
650 ## - Materia general
Temática (materia general) AROMATERAPIA
650 ## - Materia general
Temática (materia general) ENTRENAMIENTO
650 ## - Materia general
Temática (materia general) ALIMENTOS MACRONUTRITIVOS
650 ## - Materia general
Temática (materia general) ALIMENTOS MICRONUTRITIVOS
650 ## - Materia general
Temática (materia general) MASAJE FACIAL
650 ## - Materia general
Temática (materia general) EJERCICIO PARA LA OFICINA
650 ## - Materia general
Temática (materia general) SALUD EN LA OFICINA
650 ## - Materia general
Temática (materia general) EJERCICIOS PARA LA TERCERA EDAD
650 ## - Materia general
Temática (materia general) EJERCICIOS PARA EL PARTO
942 ## - Punto de acceso adicional KOHA
Tipo de ítem KOHA Libro
Fuente del sistema de clasificación o colocación Dewey Decimal Classification
Existencias
Signatura completa Código de barras Tipo de ítem
651.1 R759s 16790 Libro